[Event "GER-chT Seniors 23rd"]
[White "Liebert, Heinz"]
[Black "Troeger, Rainer"]
[Site "Bergen"]
[Round "3.1"]
[Result "1-0"]
[Date "2014.09.03"]
[WhiteElo "2240"]
[BlackElo "2111"]
[PlyCount "57"]
[EventDate "2014.09.01"]
[EventType "team-swiss"]
[EventRounds "7"]
[EventCountry "GER"]
[SourceTitle "EXT 2018"]
[Source "ChessBase"]
[SourceDate "2017.10.13"]
[SourceVersion "1"]
[SourceVersionDate "2017.10.13"]
[SourceQuality "1"]

1. c4 c5 2. Nf3 Nc6 3. d4 e6 4. Nc3 cxd4 5. Nxd4 Bb4 6. Ndb5 a6 7. Nd6+ Kf8 8. Nde4 d5 9. cxd5 exd5 10. a3 Ba5 11. Nd2 d4 12. Nce4 f5 13. Nc5 Nf6 14. b4 Bc7 15. Nf3 Ne4 16. Nb3 Bb6 17. Bb2 Nc3 18. Qd3 Qf6 19. Rc1 Nb5 20. e3 f4 21. Nbxd4 Nbxd4 22. Nxd4 Ne5 23. Qe4 fxe3 24. fxe3 Ng4 25. Rxc8+ Rxc8 26. Qxg4 Re8 27. Be2 h5 28. Qg3 h4 29. Qg4 1-0

[Event "Berlin-Brandenburg m 20th"]
[White "Shapiro, Yosip"]
[Black "Troeger, Rainer"]
[Site "Berlin"]
[Round "1"]
[Result "1-0"]
[Date "2014.05.10"]
[WhiteElo "1983"]
[BlackElo "1941"]
[PlyCount "66"]
[EventDate "2014.05.10"]
[EventType "team-match"]
[EventRounds "1"]
[EventCountry "GER"]
[SourceTitle "EXT 2018"]
[Source "ChessBase"]
[SourceDate "2017.10.13"]
[SourceVersion "1"]
[SourceVersionDate "2017.10.13"]
[SourceQuality "1"]

1. Nf3 f5 2. e4 fxe4 3. Ng5 Nf6 4. d3 e6 5. dxe4 Nc6 6. Be2 Bc5 7. 0-0 0-0 8. Nc3 a6 9. Kh1 Bd4 10. Bd3 b5 11. Qe2 h6 12. Nf3 e5 13. Nd5 d6 14. c3 Ba7 15. a4 b4 16. Bxa6 bxc3 17. Bxc8 Qxc8 18. Qc4 Kh8 19. Qxc6 cxb2 20. Bxb2 Nxe4 21. Ne3 Nxf2+ 22. Rxf2 Bxe3 23. Re2 Bb6 24. Rae1 Qf5 25. Qe4 Qxe4 26. Rxe4 Ra6 27. h3 Rfa8 28. Ra1 Kh7 29. Bc3 Kg6 30. Rg4+ Kh7 31. a5 g6 32. Rga4 Bc5 33. Rc4 Bb6 1-0

[Event "GER-chT Seniors 21st"]
[White "Troeger, Rainer"]
[Black "Nauschuetz, Ernst"]
[Site "Berlin"]
[Round "2.151"]
[Result "1-0"]
[Date "2012.09.11"]
[WhiteElo "2034"]
[BlackElo "1853"]
[PlyCount "88"]
[EventDate "2012.09.10"]
[EventType "team-swiss"]
[EventRounds "7"]
[EventCountry "GER"]
[SourceTitle "CBM 150 Extra"]
[Source "ChessBase"]
[SourceDate "2012.10.19"]
[SourceVersion "1"]
[SourceVersionDate "2012.10.19"]
[SourceQuality "1"]
[WhiteTeam "Brandenburg II"]
[BlackTeam "Mecklenburg Vorpommern Seniors II"]
[WhiteTeamCountry "GER"]
[BlackTeamCountry "GER"]

1. f4 d5 2. Nf3 g6 3. g3 Bg7 4. Bg2 Nf6 5. d3 0-0 6. 0-0 d4 7. c3 c5 8. e4 Nc6 9. c4 Rb8 10. a4 Qc7 11. Qe2 Bg4 12. h3 Bxf3 13. Rxf3 Nd7 14. g4 e5 15. f5 f6 16. h4 Kf7 17. Na3 a6 18. Bd2 Ke7 19. Raf1 Rg8 20. Kh1 Rbf8 21. Bh3 gxf5 22. Rxf5 h6 23. Rh5 Rh8 24. Qd1 Nb4 25. Rf3 Qd8 26. Qc1 Na2 27. Qe1 Qb6 28. Qb1 Nb4 29. Nc2 Nxc2 30. Qxc2 Kd6 31. a5 Qd8 32. Qc1 Kc6 33. b4 cxb4 34. Bxb4 Nc5 35. Qa3 b6 36. axb6 Qxb6 37. Bxc5 Qxc5 38. Qxa6+ Qb6 39. Qa4+ Kb7 40. Rf1 Rf7 41. Rxe5 Ra8 42. Qb5 Rc7 43. Qd5+ Qc6 44. Rb1+ Ka7 1-0

[Event "Berlin-ch Seniors op 27th"]
[White "Hoppensack, Manfred"]
[Black "Troeger, Rainer"]
[Site "Berlin"]
[Round "8"]
[Result "0-1"]
[Date "2011.02.05"]
[WhiteElo "1911"]
[BlackElo "2048"]
[PlyCount "60"]
[EventDate "2011.01.29"]
[EventType "swiss"]
[EventRounds "9"]
[EventCountry "GER"]
[SourceTitle "EXT 2012"]
[Source "ChessBase"]
[SourceDate "2011.11.24"]
[SourceVersion "1"]
[SourceVersionDate "2011.11.24"]
[SourceQuality "1"]

1. e4 g6 2. d4 Bg7 3. Nc3 c6 4. Be2 d6 5. Be3 Nd7 6. h4 h5 7. Nh3 e5 8. Qd2 a6 9. 0-0-0 Qe7 10. f4 Nh6 11. fxe5 dxe5 12. d5 Ng4 13. d6 Qd8 14. Bxg4 hxg4 15. Ng1 Bf6 16. Nge2 Rxh4 17. Ng3 b5 18. Rhe1 Rh7 19. Qe2 Bg5 20. Kb1 Nf8 21. Rh1 Rxh1 22. Nxh1 Ne6 23. Nf2 Bxe3 24. Qxe3 Nd4 25. Ne2 Nxe2 26. Qxe2 Qg5 27. Rh1 g3 28. Rh8+ Kd7 29. Nd3 Kxd6 30. Qf3 Bg4 0-1

[Event "Berlin-ch Seniors op 27th"]
[White "Maetzing, Hans Dieter"]
[Black "Troeger, Rainer"]
[Site "Berlin"]
[Round "4"]
[Result "1-0"]
[Date "2011.02.01"]
[WhiteElo "1780"]
[BlackElo "2048"]
[PlyCount "87"]
[EventDate "2011.01.29"]
[EventType "swiss"]
[EventRounds "9"]
[EventCountry "GER"]
[SourceTitle "EXT 2012"]
[Source "ChessBase"]
[SourceDate "2011.11.24"]
[SourceVersion "1"]
[SourceVersionDate "2011.11.24"]
[SourceQuality "1"]

1. Nc3 g6 2. e4 c5 3. f4 Bg7 4. Bc4 Nc6 5. a4 e6 6. Nf3 Nge7 7. 0-0 d5 8. exd5 exd5 9. Bb5 0-0 10. Ne2 Qb6 11. Bxc6 Nxc6 12. Kh1 Bd7 13. c3 Bf5 14. d4 c4 15. Ne1 Rae8 16. Ng3 Ne7 17. Nxf5 Nxf5 18. Qf3 Re4 19. a5 Qe6 20. Nc2 Re8 21. g4 Nh4 22. Qg3 Re2 23. Ne3 Qe4+ 24. Kg1 Rxe3 25. Qxh4 Re2 26. Qg3 Qd3 27. f5 Qxg3+ 28. hxg3 Rc2 29. Bf4 Ree2 30. Rfe1 Bf8 31. Rxe2 Rxe2 32. f6 h6 33. Rb1 g5 34. Bb8 Re6 35. Bxa7 Bd6 36. b3 Rxf6 37. bxc4 dxc4 38. Rxb7 Rf3 39. a6 Rxg3+ 40. Kf2 Rxc3 41. Bc5 Bg3+ 42. Ke2 Rc2+ 43. Kd1 Kg7 44. Kxc2 1-0

[Event "GER-chT Seniors 19th"]
[White "Walther, Diethelm"]
[Black "Troeger, Rainer"]
[Site "Eckernfoerde"]
[Round "3.1"]
[Result "0-1"]
[Date "2010.09.15"]
[WhiteElo "2002"]
[BlackElo "2049"]
[PlyCount "117"]
[EventDate "2010.09.13"]
[EventType "team-swiss"]
[EventRounds "7"]
[EventCountry "GER"]
[SourceTitle "EXT 2011"]
[Source "ChessBase"]
[SourceDate "2010.11.26"]
[SourceVersion "1"]
[SourceVersionDate "2010.11.26"]
[SourceQuality "1"]
[WhiteTeam "Rheinland Pfalz"]
[BlackTeam "Brandenburg II"]
[WhiteTeamCountry "GER"]
[BlackTeamCountry "GER"]

1. d4 g6 2. e4 Bg7 3. Nc3 c5 4. Be3 Qa5 5. Bc4 Qb4 6. Qd3 Nc6 7. Nge2 cxd4 8. Bxd4 Nxd4 9. Nxd4 Nf6 10. 0-0 d6 11. a3 Qa5 12. b4 Qh5 13. Bb5+ Bd7 14. f4 0-0 15. Bxd7 Nxd7 16. Rae1 Nb6 17. Re3 e5 18. Nde2 exf4 19. Nxf4 Qe5 20. Nce2 Rac8 21. Ref3 Rc7 22. Rd1 Qb2 23. c3 Be5 24. Rdf1 Re7 25. a4 Nxa4 26. Nd5 Ree8 27. Nf6+ Bxf6 28. Rxf6 Rd8 29. R6f3 Nb6 30. Rh3 Rd7 31. Rf6 d5 32. Qe3 Qb1+ 33. Kf2 Re8 34. Qh6 Qxe4 35. Qxh7+ Kf8 36. Qh6+ Ke7 37. Qg5 Kf8 38. Rh8+ Kg7 39. Rxe8 Qxe8 40. Nd4 Qe4 41. Nf5+ Kg8 42. g4 Nc4 43. Rxg6+ fxg6 44. Qxg6+ Kh8 45. Qh6+ Kg8 46. Qg6+ Kf8 47. Qh6+ Kf7 48. Qg7+ Ke6 49. Qg6+ Ke5 50. Qe8+ Kf4 51. Qxd7 Qc2+ 52. Kg1 Qd1+ 53. Kf2 Qf3+ 54. Ke1 Qxc3+ 55. Ke2 Qf3+ 56. Ke1 Qh1+ 57. Ke2 Qxh2+ 58. Ke1 Qg1+ 59. Ke2 0-1

[Event "GER-ch Seniors 22nd"]
[White "Lang, Ferdinand"]
[Black "Troeger, Rainer"]
[Site "Berlin"]
[Round "6"]
[Result "1-0"]
[Date "2010.08.21"]
[WhiteElo "2071"]
[BlackElo "1999"]
[PlyCount "77"]
[EventDate "2010.08.16"]
[EventType "swiss"]
[EventRounds "9"]
[EventCountry "GER"]
[SourceTitle "CBM 138 Extra"]
[Source "ChessBase"]
[SourceDate "2010.10.29"]
[SourceVersion "1"]
[SourceVersionDate "2010.10.29"]
[SourceQuality "1"]

1. e4 g6 2. d4 Bg7 3. Nf3 c6 4. Nc3 d6 5. h3 Nd7 6. a4 Qc7 7. Bc4 e6 8. 0-0 Ne7 9. Bg5 d5 10. Bxe7 dxc4 11. Ba3 b6 12. e5 Bf8 13. Ne4 Bxa3 14. Rxa3 0-0 15. Qd2 Kg7 16. Qf4 Qd8 17. Nh2 f5 18. exf6+ Nxf6 19. Qe5 Qd5 20. Nxf6 Rxf6 21. Ng4 Qxe5 22. dxe5 Rf7 23. Nf6 Kf8 24. Rd1 Ke7 25. Ng8+ Ke8 26. Re3 a6 27. Re4 b5 28. Red4 Kf8 29. Rd8+ Kg7 30. Nf6 Rf8 31. Rxf8 Kxf8 32. Nxh7+ Ke7 33. Nf6 Ra7 34. Rd4 Rb7 35. a5 c5 36. Rh4 Kd8 37. Rh8+ Kc7 38. Ne4 Bd7 39. Nxc5 1-0

[Event "EU-chT Seniors 12th"]
[White "Troeger, Rainer"]
[Black "Krebs, Dietmar"]
[Site "Dresden"]
[Round "9"]
[Result "0-1"]
[Date "2010.02.18"]
[WhiteElo "2159"]
[BlackElo "2123"]
[PlyCount "138"]
[EventDate "2010.02.10"]
[EventType "team-swiss"]
[EventRounds "9"]
[EventCountry "GER"]
[SourceTitle "CBM 134 Extra"]
[Source "ChessBase"]
[SourceDate "2010.03.03"]
[SourceVersion "1"]
[SourceVersionDate "2010.03.03"]
[SourceQuality "1"]
[WhiteTeam "Brandenburg Seniors"]
[BlackTeam "Rheinland Mattadore Seniors"]
[WhiteTeamCountry "GER"]
[BlackTeamCountry "GER"]

1. Nf3 c5 2. g3 Nc6 3. Bg2 g6 4. 0-0 Bg7 5. e4 e6 6. Re1 Nge7 7. c4 0-0 8. Nc3 a6 9. d3 d6 10. Be3 Nd4 11. Ne2 Nxf3+ 12. Bxf3 Bxb2 13. Rb1 Bg7 14. Rb3 Nc6 15. Qd2 Ne5 16. Bg2 Ng4 17. Bf4 e5 18. Bg5 f6 19. Be3 Nxe3 20. Qxe3 Rb8 21. Reb1 Qc7 22. Nc3 Be6 23. h3 b5 24. Bf1 b4 25. Nd5 Bxd5 26. cxd5 a5 27. Qc1 f5 28. Be2 Qe7 29. R3b2 f4 30. Bg4 Bh6 31. Qe1 fxg3 32. fxg3 Qg5 33. Kg2 Qe3 34. Qxe3 Bxe3 35. Bd7 Rb7 36. Be6+ Kg7 37. a4 Rbb8 38. Re2 Bd4 39. Bd7 b3 40. Bb5 b2 41. Rbxb2 Bxb2 42. Rxb2 Rf7 43. g4 Rf4 44. g5 h6 45. gxh6+ Kxh6 46. Rd2 Rb7 47. Kg3 Kg5 48. Rg2 Rbf7 49. Be8 R7f6 50. Kh2+ Kh6 51. Bb5 Rf2 52. Rxf2 Rxf2+ 53. Kg3 Rf4 54. Ba6 Kg5 55. Bb5 Rf7 56. Ba6 Rc7 57. Bc4 Rb7 58. Bb5 Rb8 59. Kf3 Kh4 60. Kg2 g5 61. Kh2 g4 62. hxg4 Kxg4 63. Kg2 Kf4 64. Kf2 Rh8 65. Ke2 Rh2+ 66. Kd1 Ke3 67. Kc1 Kd4 68. Kd1 Kc3 69. Ke1 Rd2 0-1

[Event "EU-chT Seniors 12th"]
[White "Troeger, Rainer"]
[Black "Rollwitz, Juergen"]
[Site "Dresden"]
[Round "1"]
[Result "1-0"]
[Date "2010.02.10"]
[WhiteElo "2159"]
[BlackElo "1991"]
[PlyCount "107"]
[EventDate "2010.02.10"]
[EventType "team-swiss"]
[EventRounds "9"]
[EventCountry "GER"]
[SourceTitle "CBM 134 Extra"]
[Source "ChessBase"]
[SourceDate "2010.03.03"]
[SourceVersion "1"]
[SourceVersionDate "2010.03.03"]
[SourceQuality "1"]
[WhiteTeam "Brandenburg Seniors"]
[BlackTeam "Berlin DBAG (Seniors)"]
[WhiteTeamCountry "GER"]
[BlackTeamCountry "GER"]

1. g3 g6 2. Bg2 Bg7 3. c4 e5 4. Nc3 Nc6 5. e3 Nge7 6. Nge2 d6 7. d4 0-0 8. 0-0 Nf5 9. d5 Nce7 10. e4 Nh6 11. f4 f6 12. Kh1 Bd7 13. Be3 Qc8 14. Qd2 Nf7 15. Ng1 exf4 16. gxf4 f5 17. c5 fxe4 18. Nxe4 Nf5 19. Bf2 Qd8 20. Nf3 h6 21. Rac1 c6 22. Nxd6 N7xd6 23. cxd6 Kh7 24. Ne5 Nxd6 25. Nxd7 Qxd7 26. dxc6 Qe7 27. Rfe1 Qf6 28. cxb7 Nxb7 29. Bxb7 Rab8 30. Bg2 Rxb2 31. Rc2 Rxc2 32. Qxc2 Qxf4 33. Bg3 Qg4 34. Qc7 h5 35. Be5 Rg8 36. Qxa7 Qb4 37. Rf1 Qb5 38. Bxg7 Rxg7 39. Qf2 Qc4 40. a3 Qc3 41. Qf3 Qd4 42. Qf4 Qc3 43. Qb4 Qd3 44. a4 Qe2 45. Qb5 Qe3 46. a5 Re7 47. a6 h4 48. h3 Kh6 49. Qc4 g5 50. Qg8 Qe5 51. Qf8+ Kg6 52. Qg8+ Rg7 53. Qa2 Qd4 54. Qe6+ 1-0

[Event "Mecklenburg VP-ch Seniors op 09th"]
[White "Kolkwitz, Klaus"]
[Black "Troeger, Rainer"]
[Site "Binz"]
[Round "8.30"]
[Result "0-1"]
[Date "2009.12.08"]
[WhiteElo "1716"]
[BlackElo "2001"]
[PlyCount "26"]
[EventDate "2009.12.01"]
[EventType "swiss"]
[EventRounds "9"]
[EventCountry "GER"]
[SourceTitle "EXT 2022"]
[Source "ChessBase"]
[SourceDate "2021.10.06"]
[SourceVersion "1"]
[SourceVersionDate "2021.10.06"]
[SourceQuality "1"]

1. d4 g6 2. Bf4 Bg7 3. e3 Nf6 4. Nd2 b6 5. Ngf3 Bb7 6. Be2 0-0 7. h3 d6 8. 0-0 Nbd7 9. c3 Qe8 10. Ne1 e5 11. Bh2 Qe7 12. Nd3 Ne8 13. Bf3 e4 0-1

[Event "Mecklenburg VP-ch Seniors op 09th"]
[White "Fanenbruck, Guenter"]
[Black "Troeger, Rainer"]
[Site "Binz"]
[Round "6.40"]
[Result "0-1"]
[Date "2009.12.06"]
[WhiteElo "1541"]
[BlackElo "2001"]
[PlyCount "44"]
[EventDate "2009.12.01"]
[EventType "swiss"]
[EventRounds "9"]
[EventCountry "GER"]
[SourceTitle "EXT 2022"]
[Source "ChessBase"]
[SourceDate "2021.10.06"]
[SourceVersion "1"]
[SourceVersionDate "2021.10.06"]
[SourceQuality "1"]

1. e4 g6 2. d4 Bg7 3. Nf3 Nf6 4. Nc3 d6 5. Be3 c6 6. a4 Qa5 7. Nd2 Ng4 8. Be2 Nxe3 9. fxe3 Qg5 10. Nb3 Qxe3 11. Qd2 Qxd2+ 12. Kxd2 Be6 13. d5 Bxc3+ 14. bxc3 cxd5 15. Nd4 0-0 16. Raf1 Nd7 17. g4 dxe4 18. h4 Bd5 19. Rhg1 Ne5 20. g5 Rac8 21. h5 e3+ 22. Kc1 Rxc3 0-1

[Event "Mecklenburg VP-ch Seniors op 09th"]
[White "Troeger, Rainer"]
[Black "Koehler, Marianne"]
[Site "Binz"]
[Round "5.52"]
[Result "1-0"]
[Date "2009.12.05"]
[WhiteElo "2001"]
[BlackElo "1415"]
[PlyCount "101"]
[EventDate "2009.12.01"]
[EventType "swiss"]
[EventRounds "9"]
[EventCountry "GER"]
[SourceTitle "EXT 2022"]
[Source "ChessBase"]
[SourceDate "2021.10.06"]
[SourceVersion "1"]
[SourceVersionDate "2021.10.06"]
[SourceQuality "1"]

1. Nf3 Nf6 2. g3 g6 3. Bg2 Bg7 4. d3 d6 5. 0-0 c6 6. c4 0-0 7. Nc3 Nbd7 8. Rb1 Nb6 9. h3 Qc7 10. b4 a6 11. e4 Ne8 12. Qb3 Rb8 13. a4 Kh8 14. Be3 Nd7 15. Rbc1 Ne5 16. Nxe5 dxe5 17. Ne2 Be6 18. Rfd1 Rd8 19. a5 Qc8 20. Bb6 Nc7 21. h4 Rde8 22. d4 exd4 23. Nxd4 Na8 24. Bc5 Bh3 25. Bh1 Be5 26. f4 Bd6 27. Bxd6 exd6 28. Kh2 c5 29. Nc2 Rd8 30. Ne3 h5 31. Qb2+ Kh7 32. b5 Bg4 33. Rd2 Nc7 34. Nxg4 hxg4 35. Rcd1 Ne8 36. e5 Qc7 37. bxa6 bxa6 38. Qb6 Rb8 39. exd6 Qxb6 40. axb6 Nf6 41. d7 Rfd8 42. b7 Kg7 43. Bc6 Ng8 44. Ra2 Ne7 45. Bg2 Nf5 46. Rd5 Ne3 47. Rxc5 Rxd7 48. Rc8 Rd8 49. Rxd8 Rxd8 50. c5 Nc4 51. c6 1-0

[Event "Mecklenburg VP-ch Seniors op 09th"]
[White "Garms, Ilse"]
[Black "Troeger, Rainer"]
[Site "Binz"]
[Round "4.40"]
[Result "1-0"]
[Date "2009.12.04"]
[WhiteElo "1516"]
[BlackElo "2001"]
[PlyCount "71"]
[EventDate "2009.12.01"]
[EventType "swiss"]
[EventRounds "9"]
[EventCountry "GER"]
[SourceTitle "EXT 2022"]
[Source "ChessBase"]
[SourceDate "2021.10.06"]
[SourceVersion "1"]
[SourceVersionDate "2021.10.06"]
[SourceQuality "1"]

1. d4 g6 2. c4 Bg7 3. e3 c5 4. Nf3 e6 5. Be2 Ne7 6. Nc3 0-0 7. 0-0 Na6 8. Ne4 d5 9. Nxc5 Nxc5 10. dxc5 Qc7 11. cxd5 exd5 12. Qc2 b6 13. Bd2 bxc5 14. Rac1 c4 15. Bc3 Bf5 16. Qa4 Bd7 17. Qc2 f6 18. Rfd1 Rab8 19. Qd2 Be6 20. Bb4 Rfc8 21. b3 Nc6 22. bxc4 Rd8 23. Ba3 dxc4 24. Qc2 Nb4 25. Rxd8+ Qxd8 26. Bxb4 Rxb4 27. a3 Rb6 28. Bxc4 Qd6 29. Bxe6+ Qxe6 30. Nd4 Qd5 31. h3 Bf8 32. a4 a6 33. Qc7 Rb4 34. a5 Ra4 35. Qb6 Qd6 36. Qb3+ 1-0

[Event "Brandenburg-ch Seniors 18th"]
[White "Troeger, Rainer"]
[Black "Sube, Guenter"]
[Site "Rowy"]
[Round "7"]
[Result "1-0"]
[Date "2009.06.28"]
[WhiteElo "2013"]
[BlackElo "1719"]
[PlyCount "53"]
[EventDate "2009.06.22"]
[EventType "swiss"]
[EventRounds "9"]
[EventCountry "POL"]
[SourceTitle "EXT 2022"]
[Source "ChessBase"]
[SourceDate "2021.10.06"]
[SourceVersion "1"]
[SourceVersionDate "2021.10.06"]
[SourceQuality "1"]

1. Nf3 Nf6 2. g3 b6 3. Bg2 Bb7 4. 0-0 e6 5. d3 Be7 6. e4 d6 7. c4 Nbd7 8. Nc3 0-0 9. Re1 c5 10. Bf4 e5 11. Bd2 Ne8 12. h4 Nc7 13. Bh3 Bc8 14. Kg2 Nf6 15. Rh1 Nfe8 16. a4 a5 17. Qe2 f5 18. exf5 Bxf5 19. g4 Bd7 20. g5 Bc6 21. Ne4 d5 22. Nxe5 dxe4 23. Nxc6 Qd6 24. Qxe4 Bd8 25. Rae1 Nf6 26. gxf6 Bxf6 27. Bf4 1-0

[Event "Brandenburg-ch Seniors 18th"]
[White "Troeger, Rainer"]
[Black "Galicki, Ryszard"]
[Site "Rowy"]
[Round "3"]
[Result "1-0"]
[Date "2009.06.24"]
[WhiteElo "2013"]
[BlackElo "1823"]
[PlyCount "120"]
[EventDate "2009.06.22"]
[EventType "swiss"]
[EventRounds "9"]
[EventCountry "POL"]
[SourceTitle "EXT 2022"]
[Source "ChessBase"]
[SourceDate "2021.10.06"]
[SourceVersion "1"]
[SourceVersionDate "2021.10.06"]
[SourceQuality "1"]

1. Nf3 c5 2. g3 g6 3. Bg2 Bg7 4. 0-0 Nc6 5. e4 Nf6 6. Re1 d5 7. Nc3 dxe4 8. Nxe4 Nxe4 9. Rxe4 0-0 10. d3 e5 11. Be3 Qd6 12. Rh4 f6 13. Nd2 f5 14. Nc4 Qe7 15. Bd5+ Kh8 16. Bxc6 bxc6 17. Na5 f4 18. Bd2 Bf6 19. Rg4 Bxg4 20. Qxg4 Qc7 21. Qe6 Rac8 22. Nc4 Rce8 23. Qg4 g5 24. Re1 Qf7 25. Bc3 h5 26. Qf5 Qh7 27. Qxh7+ Kxh7 28. Re4 fxg3 29. hxg3 Kg6 30. Kg2 g4 31. Bxe5 Bxe5 32. Rxe5 Rxe5 33. Nxe5+ Kf5 34. Nxc6 Ke6 35. Na5 Kd5 36. a3 Re8 37. Kf1 h4 38. gxh4 Rh8 39. Kg2 Rxh4 40. Kg3 Rh1 41. Kxg4 Rg1+ 42. Kf3 Rb1 43. Nc4 Re1 44. c3 Ke6 45. Kf4 Re2 46. f3 Re1 47. b4 cxb4 48. cxb4 Kd5 49. Ne3+ Ke6 50. d4 Re2 51. Ke4 Ra2 52. d5+ Kf6 53. Nc4 Rc2 54. Kd4 Rf2 55. Kc5 Rxf3 56. a4 Ke7 57. a5 Kd8 58. b5 Rc3 59. b6 axb6+ 60. axb6 Rh3 1-0

[Event "Brandenburg-ch Seniors 18th"]
[White "Troeger, Rainer"]
[Black "Schenk, Dieter"]
[Site "Rowy"]
[Round "1"]
[Result "1-0"]
[Date "2009.06.22"]
[WhiteElo "2013"]
[BlackElo "1760"]
[PlyCount "105"]
[EventDate "2009.06.22"]
[EventType "swiss"]
[EventRounds "9"]
[EventCountry "POL"]
[SourceTitle "EXT 2022"]
[Source "ChessBase"]
[SourceDate "2021.10.06"]
[SourceVersion "1"]
[SourceVersionDate "2021.10.06"]
[SourceQuality "1"]

1. Nf3 d5 2. g3 Nc6 3. d4 Bg4 4. Nbd2 Qd7 5. Bg2 Nf6 6. h3 Bf5 7. c3 h6 8. g4 Bh7 9. b4 a6 10. Qb3 e6 11. Ne5 Nxe5 12. dxe5 Ne4 13. 0-0 Be7 14. Nf3 0-0 15. Rd1 Qc6 16. Bb2 Qb5 17. e3 c5 18. Ba3 Rac8 19. Rac1 Rc7 20. bxc5 Qxb3 21. axb3 Bxc5 22. Bxc5 Rxc5 23. c4 Rfc8 24. Bf1 b5 25. b4 R5c7 26. c5 Nxc5 27. bxc5 Rxc5 28. Ra1 Bc2 29. Rd4 R5c6 30. Bd3 Bb3 31. Rb4 Bc4 32. Bf1 Ra8 33. Nd4 Rb6 34. e4 a5 35. exd5 exd5 36. Bxc4 dxc4 37. Rxb5 Rxb5 38. Nxb5 a4 39. Nc3 a3 40. Kf1 Kf8 41. Ke2 Ra5 42. f4 Ke7 43. Nb1 a2 44. Nc3 Ra3 45. Kd2 g5 46. f5 Ra5 47. Rxa2 Rxe5 48. Ra4 Rc5 49. Ke3 h5 50. Ne4 Rb5 51. Rxc4 hxg4 52. hxg4 f6 53. Rc7+ 1-0

[Event "GER-chT Seniors 17th"]
[White "Troeger, Rainer"]
[Black "Siegmund, Rainer"]
[Site "Berlin"]
[Round "4"]
[Result "1/2-1/2"]
[Date "2008.09.03"]
[WhiteElo "2188"]
[BlackElo "2157"]
[PlyCount "29"]
[EventDate "2008.08.31"]
[EventType "team-swiss"]
[EventRounds "7"]
[EventCountry "GER"]
[SourceTitle "CBM 126 Extra"]
[Source "ChessBase"]
[SourceDate "2008.11.05"]
[SourceVersion "1"]
[SourceVersionDate "2008.11.05"]
[SourceQuality "1"]

1. Nf3 c5 2. g3 Nc6 3. Bg2 g6 4. c4 Bg7 5. Nc3 d6 6. 0-0 e5 7. d3 Nge7 8. a3 0-0 9. Rb1 a5 10. Bg5 h6 11. Bd2 Be6 12. e4 Rb8 13. Nd5 b6 14. Nxe7+ Qxe7 15. a4 1/2-1/2

[Event "GER-chT Seniors 17th"]
[White "Troeger, Rainer"]
[Black "Bomert, Egon"]
[Site "Berlin"]
[Round "2"]
[Result "0-1"]
[Date "2008.09.01"]
[WhiteElo "2188"]
[BlackElo "2154"]
[PlyCount "84"]
[EventDate "2008.08.31"]
[EventType "team-swiss"]
[EventRounds "7"]
[EventCountry "GER"]
[SourceTitle "CBM 126 Extra"]
[Source "ChessBase"]
[SourceDate "2008.11.05"]
[SourceVersion "1"]
[SourceVersionDate "2008.11.05"]
[SourceQuality "1"]

1. Nf3 c5 2. g3 d5 3. Bg2 Nc6 4. d3 g6 5. 0-0 Bg7 6. Nbd2 Nf6 7. c4 e6 8. a3 0-0 9. Rb1 Qe7 10. b3 e5 11. cxd5 Nxd5 12. Bb2 Rd8 13. e3 Nf6 14. Qc2 Bf5 15. e4 Bg4 16. h3 Bxf3 17. Nxf3 Rac8 18. Rbc1 Bh6 19. Rcd1 Rc7 20. h4 Nd4 21. Qb1 Rcd7 22. Nxd4 cxd4 23. Bh3 Rc7 24. Bc1 Bg7 25. Qb2 Qc5 26. f3 Rd6 27. b4 Qc3 28. Rf2 Rdc6 29. Qa2 Qxc1 30. Rxc1 Rxc1+ 31. Kg2 Bh6 32. Re2 Be3 33. g4 Rg1+ 34. Kh2 Rcc1 35. Bg2 Bf4+ 36. Kh3 Rgd1 37. Rc2 Rxd3 38. Rxc1 Bxc1 39. Qc4 Rc3 40. Qb5 Bf4 41. Qxb7 d3 42. Bf1 Rc2 0-1

[Event "Brandenburg-ch Seniors 17th"]
[White "Troeger, Rainer"]
[Black "Olejarczyk, Bogdan"]
[Site "Rowy"]
[Round "7"]
[Result "1-0"]
[Date "2008.06.30"]
[WhiteElo "2111"]
[BlackElo "2254"]
[PlyCount "71"]
[EventDate "2008.06.23"]
[EventType "swiss"]
[EventRounds "9"]
[EventCountry "POL"]
[SourceTitle "EXT 2022"]
[Source "ChessBase"]
[SourceDate "2021.10.06"]
[SourceVersion "1"]
[SourceVersionDate "2021.10.06"]
[SourceQuality "1"]

1. Nf3 d5 2. d3 Nf6 3. g3 Bf5 4. Bg2 e6 5. 0-0 Be7 6. Nbd2 0-0 7. Qe1 h6 8. e4 Bh7 9. Qe2 c5 10. e5 Nfd7 11. Re1 Nc6 12. h4 b5 13. a3 Qb6 14. c4 Rad8 15. cxd5 exd5 16. e6 Nf6 17. exf7+ Rxf7 18. Bh3 Kh8 19. b3 Bd6 20. Bb2 Re8 21. Qf1 Rfe7 22. Rxe7 Rxe7 23. Re1 Qd8 24. d4 c4 25. Ne5 Qb6 26. Nxc6 Qxc6 27. Rxe7 Bxe7 28. bxc4 bxc4 29. Nf3 Ne4 30. Ne5 Qb6 31. Qc1 Qf6 32. Qe3 Bf5 33. Bxf5 Qxf5 34. Qf4 Qf6 35. Qe3 Kh7 36. Nxc4 1-0